La España de Fernando de Rojas (Record no. 72166)

MARC details
000 -LEADER
campo de control de longitud fija 00966nam a2200277 i 4500
001 - NÚMERO DE CONTROL
campo de control 72166
003 - IDENTIFICADOR DE NÚMERO DE CONTROL
campo de control ES-MaACL
005 - FECHA Y HORA DE LA ÚLTIMA TRANSACCIÓN
campo de control 20250511130023.0
007 - CAMPO FIJO DE DESCRIPCIÓN FÍSICA--INFORMACIÓN GENERAL
campo de control de longitud fija t|
008 - DATOS DE LONGITUD FIJA--INFORMACIÓN GENERAL
campo de control de longitud fija 040826s1978 sp ||||1| spa d
020 ## - NÚMERO INTERNACIONAL ESTÁNDAR DEL LIBRO
Número Internacional Estándar del Libro 84-306-2107-5
080 ## - NÚMERO DE LA CLASIFICACIÓN DECIMAL UNIVERSAL
Número de la Clasificación Decimal Universal 821.134.2 Rojas, Fernando de 7 Celestina. 07
100 1# - ENTRADA PRINCIPAL--NOMBRE DE PERSONA
Nombre de persona Gilman, Stephen.
9 (RLIN) 56997
245 13 - MENCIÓN DEL TÍTULO
Título La España de Fernando de Rojas
Resto del título : panorama intelectual y social de "La Celestina" /
Mención de responsabilidad, etc. Stephen Gilman ; [versión, Pedro Rodríguez Santidrián].
260 ## - PUBLICACIÓN, DISTRIBUCIÓN, ETC.
Lugar de publicación, distribución, etc. Madrid :
Nombre del editor, distribuidor, etc. Taurus,
Fecha de publicación, distribución, etc. [1978]
300 ## - DESCRIPCIÓN FÍSICA
Extensión 534 p. ;
Dimensiones 21 cm.
490 1# - MENCIÓN DE SERIE
Mención de serie Persiles ;
Designación de volumen o secuencia 107
500 ## - NOTA GENERAL
Nota general Apéndices: documentación y genealogías, p. 469-514.
600 14 - PUNTO DE ACCESO ADICIONAL DE MATERIA--NOMBRE DE PERSONA
Nombre de persona Rojas, Fernando de,
Fechas asociadas al nombre ca. 1470-1541.
Título de la obra La Celestina
9 (RLIN) 99043
700 1# - ENTRADA AGREGADA--NOMBRE PERSONAL
Nombre de persona Rodríguez Santidrián, Pedro.
9 (RLIN) 160710
830 10 - PUNTO DE ACCESO ADICIONAL DE SERIE-TÍTULO UNIFORME
Título uniforme Persiles ;
Designación de volumen o secuencia 107
9 (RLIN) 236720
852 ## - LOCALIZACIÓN
Ubicación ES-MaACL
Número de control de estantería A-9084
852 ## - LOCALIZACIÓN
Ubicación ES-MaACL
Número de control de estantería A-9515
942 ## - ELEMENTOS DE ENTRADA SECUNDARIOS (KOHA)
Fuente del sistema de clasificación o colocación Clasificación decimal universal
Holdings
Estatus retirado Estado de pérdida Estado de daño No para préstamo Biblioteca de origen Biblioteca actual Ubicación en estantería Fecha de adquisición Fuente de adquisición Total de préstamos Signatura topográfica completa Código de barras Visto por última vez Precio de reemplazo Tipo de ítem Koha
        Biblioteca del Ateneo de Madrid Biblioteca del Ateneo de Madrid Depósito 1 17/01/2008     A-9515 1075552 23/02/2023 23/02/2023 Libro impreso
        Biblioteca del Ateneo de Madrid Biblioteca del Ateneo de Madrid Depósito 1 17/01/2008     A-9084 1075551 23/02/2023 23/02/2023 Libro impreso